QCM sur Ötzi et sa découverte - Statistiques

Statistiques générales
  • Ce quiz a été pris 10 fois
  • Le résultat moyen est 11 sur 15
Statistiques - réponses
Question Réponse % Correct
Quand a-t-elle lieu ? 1991
100%
Où est-il conservé à l'heure actuelle ? Au musée du Haut-Adige, Bolzano, Italie
100%
Où a lieu cette découverte ? Dans les Alpes, à la frontière austro-italienne
100%
De quand daterait Ötzi ? D'il y a 5200 ans
100%
Pourquoi a-t-il été nommé ainsi ? En référence à la vallée avoisinante de son lieu de découverte
100%
De quelle période est issu Ötzi ? Néolithique
100%
Quel est l'objet le plus remarquable qui a été retrouvé sur lui ? Une hache en cuivre
100%
Combien de tatouages possédait-il ? 61
50%
Que nous a permis la découverte de cet objet en question ? De repousser le début de l'âge de cuivre de 1000 ans
50%
D'où viendrait-il ? De Sardaigne
50%
Comment s'appellent ses inventeurs ? Helmut et Erika Simon
50%
Quelle université s'est chargée d'analyser Ötzi ? L'université d'Innsbruck en Autriche
50%
Comment est-il mort ? Probablement assassiné
50%
Qui est Ötzi ? Un homme préhistorique
50%
Pourquoi sa découverte est-elle majeure ? C'est l'une des plus vielles momies naturelles du monde et la plus vielle d'Europe
0%
Aucun quiz correspondant
Distribution des résultats
% des personnes avec chaque résultat
Percentile par nombre de réponses
Votre historique - résultats
Vous n’avez pas pris ce quiz